[Event "Superate Cat Avanzados A Valle (Women)"]
[Site "Cali"]
[Date "2015.08.09"]
[Round "5.3"]
[White "Barrios, Luisa Maria"]
[Black "Angulo Montana, Monica Nadira"]
[Result "1-0"]
[WhiteElo "1416"]
[BlackElo "1536"]
[PlyCount "37"]
[EventDate "2015.08.07"]
[EventType "swiss"]
[EventRounds "5"]
[EventCountry "COL"]
[SourceTitle "EXT 2024"]
[Source "ChessBase"]
[SourceDate "2023.10.10"]
[SourceVersion "1"]
[SourceVersionDate "2023.10.10"]
[SourceQuality "1"]

1. e4 e5 2. Nf3 Nc6 3. Bc4 Nf6 4. Ng5 d5 5. exd5 Nxd5 6. d3 Be7 7. Nxf7 Kxf7 8. Qf3+ Ke6 9. Nc3 Ncb4 10. a3 Nxc2+ 11. Kd2 Nxa1 12. Bxd5+ Kd7 13. Qg4+ Ke8 14. Qxg7 Rf8 15. Ke2 c6 16. Bf3 Nc2 17. Bh5+ Kd7 18. Qxe5 Bf6 19. Bg4# 1-0

[Event "Superate Cat Avanzados A Valle (Women)"]
[Site "Cali"]
[Date "2015.08.09"]
[Round "4.1"]
[White "De la Hoz, Samantha"]
[Black "Barrios, Luisa Maria"]
[Result "0-1"]
[WhiteElo "1224"]
[BlackElo "1416"]
[PlyCount "56"]
[EventDate "2015.08.07"]
[EventType "swiss"]
[EventRounds "5"]
[EventCountry "COL"]
[SourceTitle "EXT 2024"]
[Source "ChessBase"]
[SourceDate "2023.10.10"]
[SourceVersion "1"]
[SourceVersionDate "2023.10.10"]
[SourceQuality "1"]

1. e4 c5 2. c4 e6 3. Nc3 a6 4. b3 Qf6 5. Bb2 b5 6. Rb1 b4 7. Na4 Qd8 8. Nf3 Bb7 9. Bd3 d5 10. 0-0 dxc4 11. bxc4 Qxd3 12. Re1 Qxc4 13. Nb6 Qd3 14. Nxa8 Bxa8 15. Qa4+ Bc6 16. Qd1 Bxe4 17. Ne5 Qd5 18. Rc1 Bxg2 19. Qa4+ Nc6 20. Nxc6 Qg5 21. Nb8+ Bc6+ 22. Kf1 Bxa4 23. Rxc5 Qxc5 24. Rc1 Qb5+ 25. Ke1 Qxb8 26. Rc4 Qxh2 27. Rc8+ Ke7 28. Rc7+ Qxc7 0-1